| 000 | 00864nam a2200241Ia 4500 | ||
|---|---|---|---|
| 003 | OSt | ||
| 005 | 20221005105357.0 | ||
| 006 | a|||||r|||| 00| 0 | ||
| 007 | ta | ||
| 008 | 221004b |||||||| |||| 00| 0 hin d | ||
| 024 | _a30677 | ||
| 037 | _cTextual | ||
| 040 |
_aCRL _cCRL _bhin |
||
| 041 |
_2hin _ahin |
||
| 082 | _aV235'L, 152L6 | ||
| 100 | _aनदकर्णो, आर. बी. | ||
| 245 | 0 | _aमराठा साम्राज्य का उदय और अस्त | |
| 246 | _aMarāṭhā sāmrājya kā udaya aur asta | ||
| 260 |
_aनई दिल्ली _bदि मैकमिलन कंपनी ऑफ इंडिया लिमिटेड भारत _c1976 |
||
| 300 |
_a346पृ. _ccm. |
||
| 942 |
_hV235'L, 152L6 _cTEXL _2cc |
||
| 999 |
_c1015647 _d1015647 |
||